| 000 | 00544nam#a2200205#c#4500 | ||
|---|---|---|---|
| 003 | IEF | ||
| 005 | 20180219170255.0 | ||
| 008 | 941031s1977 uuu####fr####| 0||u| |u | ||
| 040 | _aIEF | ||
| 100 | 1 |
_aKolm, Serge Christophe _924045 |
|
| 245 | _aLa transition socialiste : la politique economique de gauche | ||
| 260 |
_aParis _b Cerf _c1977 |
||
| 300 |
_a212 p. _c 24 cm. |
||
| 650 | 4 |
_aPOLITICA ECONOMICA _948066 |
|
| 650 | 4 |
_aECONOMIA SOCIALISTA _943143 |
|
| 650 | 4 |
_aFRANCIA _944475 |
|
| 942 | _cLIB | ||
| 942 | _z4265 | ||
| 999 |
_c104366 _d104366 |
||